Giáo dục quan điểm của Đảng, nhà nước ta về "Quyền con người" cho học sinh, sinh viên trong công cuộc xây dựng và bảo vệ Tổ Quốc hiện nay /
Αποθηκεύτηκε σε:
| Κύριος συγγραφέας: | |
|---|---|
| Μορφή: | Άρθρο |
| Γλώσσα: | Vietnamese |
| Θέματα: | |
| Ετικέτες: |
Προσθήκη ετικέτας
Δεν υπάρχουν, Καταχωρήστε ετικέτα πρώτοι!
|
| Thư viện lưu trữ: | Thư viện Trường Đại học Đà Lạt |
|---|
| LEADER | 00947nam a2200277 4500 | ||
|---|---|---|---|
| 001 | DLU180189018 | ||
| 005 | ##20181210 | ||
| 040 | # | # | |a DLU |b vie |
| 041 | # | # | |a vie |
| 044 | # | # | |a vn |
| 100 | # | # | |a Đào Thị Tùng, |c ThS. |
| 245 | # | # | |a Giáo dục quan điểm của Đảng, nhà nước ta về "Quyền con người" cho học sinh, sinh viên trong công cuộc xây dựng và bảo vệ Tổ Quốc hiện nay / |c Đào Thị Tùng. |
| 653 | # | # | |a Công cuộc đổi mới |
| 653 | # | # | |a Hội nhập Quốc tế |
| 653 | # | # | |a Quan điểm giáo dục |
| 653 | # | # | |a Quyền con người |
| 773 | # | # | |t Tạp chí Giáo dục |g Số 383, 2016, tr. 41-44 |
| 920 | # | # | |a Phòng Tạp chí -- Trung tâm Thông tin - Thư viện Trường Đại học Đà Lạt |
| 994 | # | # | |a DLU |
| 900 | # | # | |a True |
| 911 | # | # | |a Trần Thị Minh Hương |
| 925 | # | # | |a G |
| 926 | # | # | |a A |
| 927 | # | # | |a BB |
| 980 | # | # | |a Thư viện Trường Đại học Đà Lạt |